=LDR 00000nam 2200000 4500 =001 INLIS000000000051764 =005 20210210091254 =035 ##$$a 0010-1217000004 =007 ta =008 210210################g##########0#ind## =020 ##$$a 979-8915-00-3 =082 ##$$a 333 =084 ##$$a 333 TAN =245 ##$$a Tanah, rakyat dan demokrasi /$c Editor : Untoro Hariadi, Masruchah =260 ##$$a Yogyakarta :$b Forum LSM,$c 1995 =300 ##$$a x, 224 hlm : $b ilus ; $c 20 x 12 cm =250 ##$$a cet. 1 =650 #4$$a Agraria =700 #$$a Untoro Hariadi, Masruchah =520 ##$$a Indeks : hlm. 219-224 =990 ##$$a 89.120/Pro 95